This just in : what couldn't teel you on tv

Bibliographic Details
Main Author: Schieffer, Bob
Format: Book
Published: New York : Berkley Books , 2003
Subjects:

MARC

LEADER 00000cam a2200000 7i4500
001 0000024201
005 20081204.0
008 081204
020 |a 0425194337 
090 0 0 |a 070.92   |b SCH 
100 1 |a Schieffer, Bob 
245 1 0 |a This just in :   |b what couldn't teel you on tv   |c Bob Schieffer 
260 |a New York :   |b Berkley Books ,   |c 2003 
650 0 |a Journalists   |z United States   |x Biography 
650 0 |a Schieffer, Bob 
999 |a 0001022494   |b Book   |c Adult Collection   |e Perbadanan Perpustakaan Awam Johor